Deductions from the world war, (Record no. 552192)
[ view plain ]
| 000 -LEADER | |
|---|---|
| fixed length control field | 00539cam a2200145 4500 |
| 100 1# - MAIN ENTRY--PERSONAL NAME | |
| Personal name | Freytag-Loringhoven, Hugo Friedrich Philipp Johann, |
| 9 (RLIN) | 49408 |
| 245 10 - TITLE STATEMENT | |
| Title | Deductions from the world war, |
| Statement of responsibility, etc. | by Lieutenant-General Baron von Freytag-Loringhoven. |
| 260 ## - PUBLICATION, DISTRIBUTION, ETC. | |
| Place of publication, distribution, etc. | London, |
| Name of publisher, distributor, etc. | Constable and Company limited |
| Date of publication, distribution, etc. | [1918] |
| 300 ## - PHYSICAL DESCRIPTION | |
| Extent | viii, 176 p. |
| Dimensions | 19 cm. |
| 500 ## - GENERAL NOTE | |
| General note | Sequel: A nation trained in arms or a militia? ... |
| 526 ## - STUDY PROGRAM INFORMATION NOTE | |
| Program name | 0 |
| Interest level | 0 |
| Reading level | 0 |
| Title point value | 940_400000000000000_RFE |
| 650 #0 - SUBJECT ADDED ENTRY--TOPICAL TERM | |
| Topical term or geographic name entry element | War. |
| 650 #0 - SUBJECT ADDED ENTRY--TOPICAL TERM | |
| Topical term or geographic name entry element | World War, 1914-1918. |
| 9 (RLIN) | 28173 |
| 942 ## - ADDED ENTRY ELEMENTS (KOHA) | |
| Source of classification or shelving scheme | |
| Koha item type | Book |
| Withdrawn status | Lost status | Source of classification or shelving scheme | Damaged status | Not for loan | Permanent Location | Current Location | Shelving location | Date acquired | Total Checkouts | Full call number | Barcode | Date last seen | Price effective from | Koha item type |
|---|---|---|---|---|---|---|---|---|---|---|---|---|---|---|
| Military College of Engineering (MCE) | Military College of Engineering (MCE) | 01/09/2015 | 940.4 RFE | MCE-ECD/21 | 01/09/2015 | 01/09/2015 | Book |
